[Event "DEM U14 2012"]
[Site "Oberhof GER"]
[Date "2012.05.29"]
[Round "5"]
[White "Riehle, Marco"]
[Black "Herzum, Peter"]
[Result "0-1"]
[Termination "normal"]
[Board "10"]
[WhiteElo "1835"]
[BlackElo "1783"]
[PlyCount "96"]
[WhiteFideId "12904392"]
[BlackFideId "12919217"]
[EventCountry "GER"]
[EventRounds "9"]
[EventType "swiss"]
[EventDate "2012.05.26"]

1. e4 c5 2. Nf3 d6 3. d4 cxd4 4. Nxd4 Nf6 5. Nc3 a6 6. Be3 e5 7. Nb3 Be6 8. f3
Nbd7 9. Qd2 Be7 10. O-O-O O-O 11. g4 b5 12. Kb1 Nb6 13. Qf2 Nfd7 14. Nd5 Bxd5
15. exd5 Nc4 16. Bxc4 bxc4 17. Nd2 c3 18. Ne4 cxb2 19. g5 Qc7 20. Rhg1 Rac8 21.
Rd2 Qa5 22. Qh4 Kh8 23. Qh3 Nb6 24. Bxb6 Qxb6 25. Rdg2 Qc7 26. c3 Qc4 27. Kxb2
Rb8+ 28. Ka1 Qxd5 29. g6 fxg6 30. Rxg6 Qb5 31. R6g2 d5 32. Qg3 Rf7 33. Ng5 Bxg5
34. Qxg5 e4 35. Rd2 Qc5 36. Rc1 exf3 37. Rxd5 Qb6 38. Rd2 f2 39. Qg2 Rbf8 40.
Qf1 Qh6 41. Rcd1 Qxh2 42. Rd3 Qc7 43. Rh3 h6 44. Rdd3 Re7 45. Rde3 Rxe3 46.
Rxe3 Qc5 47. Rd3 Re8 48. Qb1 Qe5 0-1

[Event "DEM U14 2012"]
[Site "Oberhof GER"]
[Date "2012.05.29"]
[Round "5"]
[White "Kollars, Dmitrij"]
[Black "Böhning, Kilian"]
[Result "1-0"]
[Termination "normal"]
[Board "11"]
[WhiteElo "2005"]
[BlackElo "1754"]
[PlyCount "34"]
[WhiteFideId "12909572"]
[BlackFideId "1270499"]
[EventCountry "GER"]
[EventRounds "9"]
[EventType "swiss"]
[EventDate "2012.05.26"]

1. e4 d6 2. d4 Nf6 3. Nc3 g6 4. f4 Bg7 5. Nf3 O-O 6. Bd3 Bg4 7. O-O Nfd7 8. Be3
c5 9. dxc5 Nxc5 10. h3 Bxf3 11. Qxf3 Nc6 12. Qf2 b6 13. Rad1 Qc7 14. Kh1 f5 15.
exf5 Nxd3 16. Rxd3 Rxf5 17. Qf3 Ne5 1-0

[Event "DEM U14 2012"]
[Site "Oberhof GER"]
[Date "2012.05.29"]
[Round "5"]
[White "Geldner, Gerrit"]
[Black "Perske, Thore"]
[Result "0-1"]
[Termination "normal"]
[Board "12"]
[WhiteElo "1708"]
[BlackElo "2073"]
[PlyCount "58"]
[WhiteFideId "24678929"]
[BlackFideId "12902195"]
[EventCountry "GER"]
[EventRounds "9"]
[EventType "swiss"]
[EventDate "2012.05.26"]

1. c4 Nf6 2. d4 g6 3. Nc3 Bg7 4. e4 d6 5. Nf3 O-O 6. Be2 e5 7. dxe5 dxe5 8.
Qxd8 Rxd8 9. Bg5 Re8 10. Bxf6 Bxf6 11. Nd5 Bd8 12. O-O c6 13. Nc3 f6 14. Rfd1
Be7 15. a3 Be6 16. b4 a5 17. b5 Nd7 18. Nd2 Nc5 19. Kf1 Kf7 20. Ke1 Red8 21.
Nf3 Nb3 22. Ra2 Rxd1+ 23. Kxd1 Rd8+ 24. Ke1 Nc1 25. Ra1 Nxe2 26. Nxe2 Bxc4 27.
bxc6 bxc6 28. Nd2 Be6 29. a4 Bb4 0-1

[Event "DEM U14 2012"]
[Site "Oberhof GER"]
[Date "2012.05.29"]
[Round "5"]
[White "Müller, Max"]
[Black "Niegsch, Nicolas"]
[Result "0-1"]
[Termination "normal"]
[Board "13"]
[WhiteElo "1648"]
[BlackElo "1687"]
[PlyCount "68"]
[WhiteFideId "12900486"]
[BlackFideId "12932140"]
[EventCountry "GER"]
[EventRounds "9"]
[EventType "swiss"]
[EventDate "2012.05.26"]

1. Nf3 Nc6 2. g3 e5 3. d3 g6 4. Bg2 Bg7 5. c4 d6 6. Nc3 f5 7. O-O Nf6 8. Rb1
O-O 9. Qc2 h6 10. b4 a6 11. a4 g5 12. b5 axb5 13. axb5 Ne7 14. Bb2 g4 15. Nd2
h5 16. e3 h4 17. Ra1 Rb8 18. Qb3 Be6 19. d4 hxg3 20. hxg3 exd4 21. exd4 f4 22.
gxf4 Nh5 23. Ne2 Ng6 24. f5 Ngf4 25. Nxf4 Nxf4 26. Qe3 Rxf5 27. Be4 Rf8 28. Bd5
Bxd5 29. cxd5 Bh6 30. Qe4 Qh4 31. Nc4 Rbe8 32. Qc2 Re2 33. Qc3 Nh3+ 34. Kg2
Rfxf2+ 0-1

[Event "DEM U14 2012"]
[Site "Oberhof GER"]
[Date "2012.05.29"]
[Round "5"]
[White "Berkov, Mikhail"]
[Black "Tesch, Davy"]
[Result "1/2-1/2"]
[Termination "normal"]
[Board "14"]
[WhiteElo "1815"]
[BlackElo "1692"]
[PlyCount "56"]
[WhiteFideId "24678783"]
[BlackFideId "24679917"]
[EventCountry "GER"]
[EventRounds "9"]
[EventType "swiss"]
[EventDate "2012.05.26"]

1. e4 d5 2. exd5 Qxd5 3. Nc3 Qa5 4. d4 Nf6 5. h3 Bf5 6. Nf3 e6 7. Bc4 Nbd7 8.
Bd2 c6 9. Qe2 Bb4 10. Bb3 O-O-O 11. a3 Nd5 12. Nxd5 Bxd2+ 13. Qxd2 Qxd2+ 14.
Kxd2 exd5 15. Rae1 Rde8 16. Ng5 Bg6 17. c4 h6 18. Nf3 dxc4 19. Bxc4 Nf6 20. Bd3
Bxd3 21. Kxd3 Nd5 22. g3 Nf6 23. Ne5 Rhf8 24. Re2 Nd7 25. Nxd7 Kxd7 26. Rhe1
Rxe2 27. Rxe2 Kd6 28. b4 a6 1/2-1/2

[Event "DEM U14 2012"]
[Site "Oberhof GER"]
[Date "2012.05.29"]
[Round "5"]
[White "Janke, Hendrik"]
[Black "Bardosch, Karl"]
[Result "1-0"]
[Termination "normal"]
[Board "15"]
[WhiteElo "1753"]
[BlackElo "1656"]
[PlyCount "58"]
[WhiteFideId "12921831"]
[BlackFideId "24696480"]
[EventCountry "GER"]
[EventRounds "9"]
[EventType "swiss"]
[EventDate "2012.05.26"]

1. e4 c5 2. Nc3 Nc6 3. g3 g6 4. Bg2 Bg7 5. Nge2 e5 6. d3 Nge7 7. Be3 d6 8. Qd2
O-O 9. Bh6 Be6 10. h4 f6 11. Bxg7 Kxg7 12. f4 h6 13. O-O-O Rb8 14. Rdg1 b5 15.
f5 gxf5 16. exf5 Bxf5 17. g4 Bg6 18. g5 h5 19. gxf6+ Rxf6 20. Bxc6 Nxc6 21. Ne4
Re6 22. N2g3 Ne7 23. Ng5 Qd7 24. Nxe6+ Qxe6 25. Nxh5+ Kf7 26. Qh6 Nf5 27. Rf1
Ke7 28. Qg5+ Kd7 29. Nf6+ Kc6 1-0

[Event "DEM U14 2012"]
[Site "Oberhof GER"]
[Date "2012.05.30"]
[Round "6"]
[White "Keller, Peter"]
[Black "Schröder, Jan-Christian"]
[Result "0-1"]
[Termination "normal"]
[Board "1"]
[WhiteElo "1931"]
[BlackElo "2306"]
[PlyCount "94"]
[WhiteFideId "1272105"]
[BlackFideId "24662259"]
[EventCountry "GER"]
[EventRounds "9"]
[EventType "swiss"]
[EventDate "2012.05.26"]

1. e4 e6 2. Nf3 d5 3. Nc3 d4 4. Ne2 c5 5. Ng3 a6 6. a4 Nc6 7. Bc4 Bd6 8. O-O
Nge7 9. d3 O-O 10. Nh4 Rb8 11. f4 b5 12. Ba2 Ng6 13. Nxg6 hxg6 14. e5 Be7 15.
Ne4 Nb4 16. Bd2 Nxa2 17. Rxa2 Qd5 18. b3 c4 19. bxc4 bxc4 20. Ra1 a5 21. Rf3
Ba6 22. Qe1 cxd3 23. cxd3 Rb3 24. Qg3 Rfb8 25. h4 Rb1+ 26. Rxb1 Rxb1+ 27. Kh2
Bxd3 28. Rxd3 Qxe4 29. Qf3 Qxf3 30. gxf3 Bb4 31. Bxb4 Rxb4 32. Ra3 Kf8 33. Kg3
Ke7 34. Kf2 Kd7 35. Ke2 Kc6 36. Ra1 Kd5 37. Rc1 Rxa4 38. Rc7 Ra2+ 39. Kd3 Ra3+
40. Ke2 Re3+ 41. Kf2 a4 42. Rxf7 a3 43. Rxg7 Kc4 44. Ra7 Kb3 45. Rb7+ Kc2 46.
Ra7 Kb2 47. Rb7+ Rb3 0-1

[Event "DEM U14 2012"]
[Site "Oberhof GER"]
[Date "2012.05.30"]
[Round "6"]
[White "Grigorian, Spartak"]
[Black "Pfreundt, Jakob"]
[Result "1-0"]
[Termination "normal"]
[Board "2"]
[WhiteElo "2078"]
[BlackElo "1828"]
[PlyCount "98"]
[WhiteFideId "24661490"]
[BlackFideId "12918156"]
[EventCountry "GER"]
[EventRounds "9"]
[EventType "swiss"]
[EventDate "2012.05.26"]

1. d4 Nf6 2. c4 g6 3. Nc3 d5 4. cxd5 Nxd5 5. e4 Nxc3 6. bxc3 Bg7 7. Nf3 c5 8.
Be3 Bg4 9. Qa4+ Nc6 10. Ne5 Bd7 11. Nxd7 Qxd7 12. Bb5 O-O 13. O-O Qc7 14. Rac1
f5 15. Qc4+ Kh8 16. Qxc5 f4 17. Bd2 f3 18. g3 a6 19. Bd3 Qd7 20. Rfd1 Rac8 21.
Qg5 Ne5 22. Bf1 Bf6 23. Qh6 Nc4 24. Qh3 Qxh3 25. Bxh3 Nxd2 26. Bxc8 Rxc8 27.
Rxd2 Bg5 28. Rdc2 Bxc1 29. Rxc1 Rc4 30. Kf1 Kg7 31. e5 b5 32. Ke1 b4 33. Kd2
bxc3+ 34. Kd3 Ra4 35. Rxc3 Rxa2 36. Ke3 a5 37. Kxf3 a4 38. Rc7 Kf8 39. Ra7 a3
40. h4 Ra1 41. Kg4 Rd1 42. Kg5 Rxd4 43. Kh6 Kf7 44. Rxa3 Ke6 45. Re3 Kf5 46.
Kxh7 Rd1 47. Rf3+ Kxe5 48. Kxg6 Rd6+ 49. Kg7 Kd5 1-0

[Event "DEM U14 2012"]
[Site "Oberhof GER"]
[Date "2012.05.30"]
[Round "6"]
[White "Sawlin, Leonid"]
[Black "Bach, Jannik"]
[Result "1-0"]
[Termination "normal"]
[Board "3"]
[WhiteElo "1925"]
[BlackElo "1826"]
[PlyCount "55"]
[WhiteFideId "4689542"]
[BlackFideId "24615900"]
[EventCountry "GER"]
[EventRounds "9"]
[EventType "swiss"]
[EventDate "2012.05.26"]

1. e4 c6 2. d4 d5 3. Nc3 dxe4 4. Nxe4 Bf5 5. Ng3 Bg6 6. h4 h6 7. Nf3 Nd7 8. h5
Bh7 9. Bd3 Bxd3 10. Qxd3 e6 11. Bd2 Ngf6 12. O-O-O Qc7 13. Ne4 O-O-O 14. g3
Nxe4 15. Qxe4 Bd6 16. c4 c5 17. Kb1 Nf6 18. Qe2 cxd4 19. Nxd4 Bxg3 20. Bc3 Bd6
21. Nb5 Qe7 22. Rxd6 Rxd6 23. Bb4 Rhd8 24. Qe5 Rd1+ 25. Rxd1 Rxd1+ 26. Kc2 Qd7
27. Nxa7+ Kd8 28. Qb8+ 1-0

[Event "DEM U14 2012"]
[Site "Oberhof GER"]
[Date "2012.05.30"]
[Round "6"]
[White "Grunau, Christoph"]
[Black "Baskin, Robert"]
[Result "1/2-1/2"]
[Termination "normal"]
[Board "4"]
[WhiteElo "1927"]
[BlackElo "2068"]
[PlyCount "80"]
[WhiteFideId "12929760"]
[BlackFideId "24662402"]
[EventCountry "GER"]
[EventRounds "9"]
[EventType "swiss"]
[EventDate "2012.05.26"]

1. e4 c5 2. Nc3 d6 3. f4 Nc6 4. Nf3 g6 5. Bc4 Bg7 6. O-O e6 7. d3 Nge7 8. Qe1
h6 9. Bd2 a6 10. Bb3 b5 11. Nh4 O-O 12. Nd1 d5 13. c3 f5 14. e5 a5 15. Qg3 a4
16. Bc2 Kh7 17. a3 Bd7 18. Nf2 b4 19. axb4 cxb4 20. Bxa4 Nxe5 21. Bxd7 Nxd7 22.
Nf3 b3 23. Rxa8 Qxa8 24. Re1 Qa6 25. Be3 Qa2 26. Nd1 Nc6 27. Bf2 Qb1 28. Nh4
Rf6 29. Nf3 Rf7 30. Nh4 Nf8 31. Bc5 Bf6 32. Bxf8 Bxh4 33. Qxh4 Rxf8 34. Qg3 Ra8
35. Qe3 Nd8 36. Qb6 Qxd3 37. Qxb3 Qd2 38. Rf1 Ra1 39. Qb6 Rxd1 40. Qc7+ Kg8
1/2-1/2

[Event "DEM U14 2012"]
[Site "Oberhof GER"]
[Date "2012.05.30"]
[Round "6"]
[White "Sabirov, Ramil"]
[Black "Peczely, Sebastian Zsombor"]
[Result "1/2-1/2"]
[Termination "normal"]
[Board "5"]
[WhiteElo "1784"]
[BlackElo "2053"]
[PlyCount "119"]
[WhiteFideId "12900303"]
[BlackFideId "750964"]
[EventCountry "GER"]
[EventRounds "9"]
[EventType "swiss"]
[EventDate "2012.05.26"]

1. Nf3 d5 2. b3 Bg4 3. Ne5 Bh5 4. Bb2 c6 5. g3 Nd7 6. d4 Ngf6 7. Bg2 e6 8. O-O
Bd6 9. h3 Qc7 10. f4 O-O-O 11. Ba3 Ne8 12. g4 Bg6 13. Nxg6 hxg6 14. Qd2 Ndf6
15. e3 Bxa3 16. Nxa3 Nd6 17. c4 Nde4 18. Qd3 g5 19. Rac1 Qe7 20. Nb1 gxf4 21.
exf4 g5 22. cxd5 exd5 23. fxg5 Nxg5 24. Qf5+ Nd7 25. Rce1 Ne6 26. Nc3 Qb4 27.
Qd3 Qxd4+ 28. Qxd4 Nxd4 29. Rxf7 Rhe8 30. Rfe7 Rf8 31. Rf1 Rxf1+ 32. Bxf1 Rf8
33. Kg2 Nf3 34. Be2 Ne1+ 35. Kg3 Kd8 36. Rg7 Nc5 37. b4 d4 38. bxc5 dxc3 39.
Bd1 Rf3+ 40. Kh4 c2 41. Bxc2 Nxc2 42. Rxb7 Rf4 43. Kh5 Ne1 44. g5 Nf3 45. Rxa7
Rc4 46. Rf7 Rh4+ 47. Kg6 Ne5+ 48. Kf6 Nxf7 49. Kxf7 Kd7 50. g6 Rf4+ 51. Kg8 Ke7
52. g7 Ra4 53. Kh7 Rh4+ 54. Kg6 Rxh3 55. g8=Q Rg3+ 56. Kh7 Rxg8 57. Kxg8 Ke6
58. Kg7 Kd5 59. Kf6 Kxc5 60. Ke5 1/2-1/2

[Event "DEM U14 2012"]
[Site "Oberhof GER"]
[Date "2012.05.30"]
[Round "6"]
[White "Herzum, Peter"]
[Black "Bilchinski, Anton"]
[Result "0-1"]
[Termination "normal"]
[Board "6"]
[WhiteElo "1783"]
[BlackElo "1837"]
[PlyCount "102"]
[WhiteFideId "12919217"]
[BlackFideId "24615765"]
[EventCountry "GER"]
[EventRounds "9"]
[EventType "swiss"]
[EventDate "2012.05.26"]

1. e4 c5 2. Nf3 e6 3. d4 cxd4 4. Nxd4 a6 5. Nc3 Qc7 6. Be2 Nf6 7. O-O b5 8. Bf3
Qe5 9. Nce2 Bb7 10. Bf4 Qc5 11. Nb3 Qb6 12. Qd3 Nc6 13. c3 d6 14. Rfd1 Ne5 15.
Bxe5 dxe5 16. Rac1 a5 17. c4 a4 18. c5 Qa6 19. c6 Bxc6 20. Nc5 Bxc5 21. Rxc5
O-O 22. Rdc1 Rfd8 23. Qc2 Be8 24. Nc3 b4 25. Be2 Qb7 26. Nb5 Qxe4 27. Qxe4 Nxe4
28. Rxe5 Bxb5 29. Bxb5 Nf6 30. Re2 h6 31. f3 a3 32. bxa3 Rxa3 33. Bc4 Rc8 34.
Rec2 Nd5 35. Bxd5 Rxc2 36. Rxc2 exd5 37. Kf2 Kf8 38. Ke2 Ke7 39. Rb2 Kd6 40.
Kd2 Kc5 41. Rc2+ Kd4 42. Rb2 Kc4 43. Rc2+ Rc3 44. Rb2 d4 45. Rb1 d3 46. Rb2 Ra3
47. Ke3 Ra6 48. Kd2 Re6 49. Kd1 Re7 50. Rd2 Kc3 51. Rf2 Re2 0-1

[Event "DEM U14 2012"]
[Site "Oberhof GER"]
[Date "2012.05.30"]
[Round "6"]
[White "Stein, Daniel"]
[Black "Kollars, Dmitrij"]
[Result "0-1"]
[Termination "normal"]
[Board "7"]
[WhiteElo "1645"]
[BlackElo "2005"]
[PlyCount "98"]
[WhiteFideId "12939307"]
[BlackFideId "12909572"]
[EventCountry "GER"]
[EventRounds "9"]
[EventType "swiss"]
[EventDate "2012.05.26"]

1. e4 c5 2. Nf3 d6 3. d4 cxd4 4. Nxd4 Nf6 5. Nc3 g6 6. Be3 Bg7 7. f3 O-O 8. Qd2
Nc6 9. g4 Nxd4 10. Bxd4 Be6 11. h4 Qa5 12. h5 Rfc8 13. a3 Rab8 14. Be2 Bc4 15.
hxg6 hxg6 16. O-O-O b5 17. g5 Nh5 18. Bxg7 Nxg7 19. Nd5 Qxd2+ 20. Rxd2 Rb7 21.
f4 Bxd5 22. exd5 f5 23. Rh3 Kf7 24. b3 Rc5 25. Kb2 Rb8 26. c3 Rb6 27. Bf3 Rc8
28. Rh1 Rbb8 29. Rdh2 Rg8 30. a4 bxa4 31. b4 a5 32. Ka3 Rgc8 33. Kxa4 Rxc3 34.
Bd1 axb4 35. Bb3 Rc7 36. Bd1 Rc4 37. Rf1 Rc3 38. Rf3 Rc1 39. Rd2 Rc7 40. Kb3
Ra7 41. Ra2 Rxa2 42. Kxa2 Ra8+ 43. Kb2 Ra3 44. Bb3 Nh5 45. Rf2 Ng3 46. Bc2 Rc3
47. Rh2 Nh5 48. Rf2 Rc4 49. Rh2 Rxf4 0-1

[Event "DEM U14 2012"]
[Site "Oberhof GER"]
[Date "2012.05.30"]
[Round "6"]
[White "Richter, Leonard"]
[Black "Hirschmann, Jakob"]
[Result "1-0"]
[Termination "normal"]
[Board "8"]
[WhiteElo "1913"]
[BlackElo "1876"]
[PlyCount "139"]
[WhiteFideId "12900290"]
[BlackFideId "24652067"]
[EventCountry "GER"]
[EventRounds "9"]
[EventType "swiss"]
[EventDate "2012.05.26"]

1. e4 e6 2. d4 d5 3. Nc3 h6 4. Nf3 Nf6 5. Bd3 Bb4 6. e5 Ne4 7. Bd2 Nxc3 8. bxc3
Be7 9. O-O b6 10. Ne1 Ba6 11. Qg4 g6 12. f4 Qd7 13. Qg3 c5 14. a4 Bxd3 15. Nxd3
Nc6 16. Qf2 c4 17. Ne1 O-O-O 18. Bc1 Rh7 19. Nf3 Rg8 20. Nd2 Na5 21. Ba3 Bxa3
22. Rxa3 Rhg7 23. Raa1 Kb8 24. Qf3 Kc8 25. Rf2 Qe7 26. Nf1 h5 27. Nd2 Kb8 28.
Qe3 Kc8 29. Nf3 Kb8 30. Ng5 Qd7 31. Qc1 Kc7 32. Qb2 Rb8 33. Qb4 Re8 34. Rff1
Qc6 35. Qb5 Qxb5 36. axb5 Rb8 37. Kf2 Kd7 38. Kg3 Ke7 39. h3 Rgg8 40. Kh4 Rh8
41. Nf3 Rh7 42. Ra2 Rbh8 43. Rfa1 Rb8 44. Kg5 Rbh8 45. Nh4 Rb8 46. Rh1 Rg8 47.
Raa1 Rhh8 48. Rh2 Rh7 49. Rah1 Rhg7 50. g4 Nb7 51. Rg2 Rh7 52. Rhg1 Rhg7 53.
gxh5 gxh5+ 54. Kh6 Rxg2 55. Rxg2 Rxg2 56. Nxg2 Kf8 57. Kxh5 Kg7 58. Kg5 Na5 59.
Ne3 Nb7 60. h4 f6+ 61. exf6+ Kf7 62. Ng4 Nd6 63. Ne5+ Kf8 64. f7 Kg7 65. h5
Ne4+ 66. Kh4 Nf6 67. h6+ Kf8 68. Kg5 Ne4+ 69. Kg6 Nd6 70. Nd7+ 1-0

[Event "DEM U14 2012"]
[Site "Oberhof GER"]
[Date "2012.05.30"]
[Round "6"]
[White "Perske, Thore"]
[Black "Mager, Denis"]
[Result "1-0"]
[Termination "normal"]
[Board "10"]
[WhiteElo "2073"]
[BlackElo "1944"]
[PlyCount "83"]
[WhiteFideId "12902195"]
[BlackFideId "24691127"]
[EventCountry "GER"]
[EventRounds "9"]
[EventType "swiss"]
[EventDate "2012.05.26"]

1. e4 e6 2. d4 d5 3. Nc3 Bb4 4. e5 c5 5. a3 Bxc3+ 6. bxc3 Qc7 7. Nf3 b6 8. Bb5+
Bd7 9. Bd3 Ba4 10. O-O Nc6 11. Bd2 c4 12. Be2 O-O-O 13. Bf4 Nge7 14. Qd2 Qd7
15. Bg3 f6 16. exf6 gxf6 17. Rae1 Nf5 18. Bd1 Rhe8 19. Qf4 Kb7 20. Nh4 Nce7 21.
Bh5 Rf8 22. Nxf5 Nxf5 23. Re2 Ng7 24. Bg4 Qe7 25. Rfe1 Bd7 26. Qc7+ Ka6 27. Bd6
Qf7 28. Bxf8 Rxf8 29. Bf3 Nf5 30. Qf4 Rg8 31. g3 h5 32. h4 Ne7 33. Qh6 Nf5 34.
Qxh5 Qg7 35. Bg2 Nxg3 36. fxg3 Qxg3 37. Rf2 Rg4 38. Re3 Qxe3 39. Qxg4 Qxc3 40.
h5 Qe1+ 41. Bf1 Qe3 42. Qf4 1-0

[Event "DEM U14 2012"]
[Site "Oberhof GER"]
[Date "2012.05.30"]
[Round "6"]
[White "Müller, Constantin"]
[Black "Janke, Hendrik"]
[Result "0-1"]
[Termination "normal"]
[Board "11"]
[WhiteElo "1921"]
[BlackElo "1753"]
[PlyCount "46"]
[WhiteFideId "24697630"]
[BlackFideId "12921831"]
[EventCountry "GER"]
[EventRounds "9"]
[EventType "swiss"]
[EventDate "2012.05.26"]

1. g3 d5 2. Nf3 Nf6 3. Bg2 c6 4. O-O Bg4 5. b3 Nbd7 6. Bb2 e6 7. h3 Bh5 8. d3
Bc5 9. Nbd2 O-O 10. Qe1 Qc7 11. Kh2 Rfe8 12. e4 e5 13. Nh4 Rad8 14. f4 exf4 15.
gxf4 Bb4 16. e5 Qa5 17. Qg3 Bxd2 18. exf6 g6 19. a3 Qc5 20. Nf5 Qxc2 21. Nh6+
Kf8 22. f5 Bxh6 23. fxg6 hxg6 0-1

[Event "DEM U14 2012"]
[Site "Oberhof GER"]
[Date "2012.05.30"]
[Round "6"]
[White "Niegsch, Nicolas"]
[Black "Berkov, Mikhail"]
[Result "1-0"]
[Termination "normal"]
[Board "12"]
[WhiteElo "1687"]
[BlackElo "1815"]
[PlyCount "61"]
[WhiteFideId "12932140"]
[BlackFideId "24678783"]
[EventCountry "GER"]
[EventRounds "9"]
[EventType "swiss"]
[EventDate "2012.05.26"]

1. e4 c5 2. Nf3 e6 3. d4 cxd4 4. Nxd4 a6 5. Bd3 Nc6 6. Nb3 Nf6 7. Qe2 d6 8. O-O
Be7 9. Bd2 Qc7 10. Nc3 O-O 11. Kh1 d5 12. Rae1 Nb4 13. e5 Nxd3 14. cxd3 Nd7 15.
d4 b5 16. Qg4 Re8 17. Bh6 Bf8 18. f4 f5 19. Qh5 Bb7 20. Bg5 h6 21. Bh4 Kh7 22.
Rc1 Qb6 23. Qf7 Bc6 24. Rc2 a5 25. Rfc1 Nb8 26. Ne2 Ra7 27. Rxc6 Nxc6 28. Qxe8
Rc7 29. Qxf8 Nxd4 30. Rxc7 Qxc7 31. Nbxd4 1-0

[Event "DEM U14 2012"]
[Site "Oberhof GER"]
[Date "2012.05.30"]
[Round "6"]
[White "Böhning, Kilian"]
[Black "Riehle, Marco"]
[Result "0-1"]
[Termination "normal"]
[Board "13"]
[WhiteElo "1754"]
[BlackElo "1835"]
[PlyCount "100"]
[WhiteFideId "1270499"]
[BlackFideId "12904392"]
[EventCountry "GER"]
[EventRounds "9"]
[EventType "swiss"]
[EventDate "2012.05.26"]

1. e4 e5 2. Bc4 Nf6 3. d3 Bc5 4. Nc3 Nc6 5. f4 d6 6. Nf3 O-O 7. Na4 Bb6 8. Nxb6
axb6 9. a3 exf4 10. Bxf4 d5 11. Bxd5 Nxd5 12. exd5 Re8+ 13. Kf2 Qxd5 14. Re1
Bg4 15. Be3 Ne5 16. h3 Bh5 17. d4 Nc4 18. Qd3 Nxb2 19. Qc3 Na4 20. Qb4 Qe4 21.
Bd2 Qc6 22. g4 Bg6 23. c4 Be4 24. Re3 Qd7 25. Rae1 c5 26. Qb3 Bxf3 27. Rxe8+
Rxe8 28. Rxe8+ Qxe8 29. Qxf3 Qe7 30. d5 Nb2 31. Qb3 Qf6+ 32. Kg3 Qe5+ 33. Kh4
Qd4 34. Qg3 h6 35. Bc3 Qe4 36. Qd6 Qd3 37. Bxg7 Kxg7 38. Qe5+ Kh7 39. Qxb2 Qxc4
40. d6 Qe6 41. Qxb6 Qe1+ 42. Kh5 Qg3 43. Qd8 Qxh3+ 44. Qh4 Qg2 45. d7 Qd5+ 46.
g5 Qxd7 47. Qe4+ Kg8 48. gxh6 Qd1+ 49. Kg5 Qg1+ 50. Kh4 Qd4 0-1

[Event "DEM U14 2012"]
[Site "Oberhof GER"]
[Date "2012.05.30"]
[Round "6"]
[White "Tesch, Davy"]
[Black "Geldner, Gerrit"]
[Result "0-1"]
[Termination "normal"]
[Board "14"]
[WhiteElo "1692"]
[BlackElo "1708"]
[PlyCount "96"]
[WhiteFideId "24679917"]
[BlackFideId "24678929"]
[EventCountry "GER"]
[EventRounds "9"]
[EventType "swiss"]
[EventDate "2012.05.26"]

1. Nf3 Nf6 2. d4 c5 3. e3 e6 4. Bd3 d5 5. c3 Nc6 6. Nbd2 cxd4 7. exd4 Bd6 8.
Qe2 O-O 9. Ne5 Qc7 10. f4 Ne7 11. Ndf3 h6 12. g4 Nd7 13. g5 h5 14. Nh4 Bxe5 15.
Qxh5 g6 16. Nxg6 fxg6 17. Bxg6 Nxg6 18. Qxg6+ Bg7 19. Qxe6+ Kh8 20. Qxd5 Qc6
21. Qxc6 bxc6 22. Bd2 Re8+ 23. Kf2 Ba6 24. Rae1 c5 25. Be3 Rab8 26. b3 Rbc8 27.
Rc1 c4 28. Rhe1 Nb6 29. Bd2 Nd5 30. bxc4 Bxc4 31. Rb1 Bxa2 32. Ra1 Rxe1 33.
Bxe1 Bb3 34. Rxa7 Nxc3 35. Bxc3 Rxc3 36. Ra8+ Kh7 37. Ra7 Be6 38. Re7 Bf5 39.
Ra7 Kg6 40. Ra6+ Kh5 41. d5 Kg4 42. d6 Kxf4 43. g6 Bd4+ 44. Ke1 Ke3 45. Ra1 Rc2
46. Ra3+ Bd3 47. Kd1 Rd2+ 48. Ke1 Rxh2 0-1

[Event "DEM U14 2012"]
[Site "Oberhof GER"]
[Date "2012.05.30"]
[Round "6"]
[White "Bardosch, Karl"]
[Black "Müller, Max"]
[Result "1/2-1/2"]
[Termination "normal"]
[Board "15"]
[WhiteElo "1656"]
[BlackElo "1648"]
[PlyCount "69"]
[WhiteFideId "24696480"]
[BlackFideId "12900486"]
[EventCountry "GER"]
[EventRounds "9"]
[EventType "swiss"]
[EventDate "2012.05.26"]

1. e4 e6 2. d3 d5 3. Nd2 c5 4. g3 Nc6 5. Ngf3 Bd6 6. Bg2 Nge7 7. O-O O-O 8. Re1
f6 9. Nf1 d4 10. h4 e5 11. N1h2 Be6 12. h5 Qd7 13. Nh4 b5 14. g4 Rac8 15. Nf5
Nd8 16. Qf3 Kh8 17. Kh1 a5 18. Rg1 Nxf5 19. gxf5 Bf7 20. Bh3 Rg8 21. Bd2 Nc6
22. Rg2 Bf8 23. Rag1 Be8 24. h6 Rc7 25. Qg3 Qe7 26. hxg7+ Rxg7 27. Qh4 Rxg2 28.
Rxg2 Bg7 29. Bh6 Qf8 30. Bxg7+ Rxg7 31. Rxg7 Kxg7 32. f4 Qf7 33. fxe5 Nxe5 34.
Ng4 Nxg4 35. Qxg4+ 1/2-1/2

[Event "DEM U14 2012"]
[Site "Oberhof GER"]
[Date "2012.05.31"]
[Round "7"]
[White "Sawlin, Leonid"]
[Black "Grigorian, Spartak"]
[Result "1/2-1/2"]
[Termination "normal"]
[Board "1"]
[WhiteElo "1925"]
[BlackElo "2078"]
[PlyCount "53"]
[WhiteFideId "4689542"]
[BlackFideId "24661490"]
[EventCountry "GER"]
[EventRounds "9"]
[EventType "swiss"]
[EventDate "2012.05.26"]

1. e4 c5 2. Nf3 d6 3. d4 cxd4 4. Nxd4 Nf6 5. Nc3 Nc6 6. Be2 g6 7. O-O Bg7 8.
Nb3 O-O 9. Bg5 a5 10. a4 Nb4 11. Re1 Bd7 12. Bf3 Bc6 13. Nd5 Nbxd5 14. exd5 Bd7
15. Qd2 Re8 16. c3 Rc8 17. Nd4 Rc5 18. Nc2 Qc7 19. Na3 Bxa4 20. Be3 Bb3 21.
Bxc5 Qxc5 22. c4 Qb4 23. Qxb4 axb4 24. Nb5 Bxc4 25. Nc7 Rc8 26. Ra8 Rxa8 27.
Nxa8 1/2-1/2

[Event "DEM U14 2012"]
[Site "Oberhof GER"]
[Date "2012.05.31"]
[Round "7"]
[White "Schröder, Jan-Christian"]
[Black "Baskin, Robert"]
[Result "1-0"]
[Termination "normal"]
[Board "2"]
[WhiteElo "2306"]
[BlackElo "2068"]
[PlyCount "93"]
[WhiteFideId "24662259"]
[BlackFideId "24662402"]
[EventCountry "GER"]
[EventRounds "9"]
[EventType "swiss"]
[EventDate "2012.05.26"]

1. e4 c5 2. Nf3 d6 3. d4 cxd4 4. Nxd4 Nf6 5. Nc3 a6 6. Bd3 Nc6 7. Nb3 g6 8. O-O
Bg7 9. Re1 O-O 10. Nd5 Be6 11. Bf1 Re8 12. c4 b6 13. f4 Nd7 14. g3 Nc5 15. Bg2
Rc8 16. Rb1 b5 17. Be3 bxc4 18. Nxc5 dxc5 19. Qa4 Bxd5 20. exd5 Nb4 21. Bh3 f5
22. Red1 Qd6 23. Bf1 e6 24. dxe6 Qxe6 25. Bf2 Nd3 26. Re1 Qf7 27. Qxa6 Kh8 28.
Rxe8+ Rxe8 29. Bxd3 cxd3 30. Qxd3 Qxa2 31. Bxc5 Kg8 32. b4 Qa8 33. b5 Rd8 34.
Qc4+ Kh8 35. b6 Qb7 36. Qe2 Qc6 37. Bf2 Qb7 38. Qc2 Rc8 39. Qa2 Ra8 40. Qe6 Rd8
41. Re1 Bc3 42. Rc1 Bb2 43. Qc6 Qg7 44. Qc7 Qg8 45. b7 Bxc1 46. Bd4+ Rxd4 47.
Qe5+ 1-0

[Event "DEM U14 2012"]
[Site "Oberhof GER"]
[Date "2012.05.31"]
[Round "7"]
[White "Bilchinski, Anton"]
[Black "Richter, Leonard"]
[Result "1-0"]
[Termination "normal"]
[Board "3"]
[WhiteElo "1837"]
[BlackElo "1913"]
[PlyCount "37"]
[WhiteFideId "24615765"]
[BlackFideId "12900290"]
[EventCountry "GER"]
[EventRounds "9"]
[EventType "swiss"]
[EventDate "2012.05.26"]

1. d4 d5 2. c4 dxc4 3. Nf3 Nf6 4. Nc3 a6 5. a4 e6 6. e3 c5 7. Bxc4 b6 8. d5
exd5 9. Bxd5 Nxd5 10. Qxd5 Ra7 11. Qe5+ Be6 12. O-O Nd7 13. Qg3 Qc7 14. Qxc7
Rxc7 15. e4 Bd6 16. Rd1 Rc6 17. Nd5 O-O 18. e5 Bxe5 19. Ne7+ 1-0